000 01056nam a22002057a 4500
999 _c61388
_d61388
003 Ge_BSU
005 20240305110336.0
008 240305s2020 ge ||||| |||| 00| 0 geo d
020 _a9789941967863
041 _ageo
080 _a005.7+316.46 კ-41
100 _aკერესელიძე, შალვა
_921311
245 _aლიდერობა და გუნდის მართვა :
_b[სახელმძღვანელო] /
_cკერესელიძე შალვა, კერესელიძე დავითი, კერესელიძე ლევანი; რედაქტორი ზაირა ღუდუშაური.
264 _aთბილისი :
_b შპს "საჩინო",
_c2020.
300 _a396 გვ. :
_bნახ., ცხრ. ;
_c20 სმ.
653 _aლიდერობა
653 _aმართვის ორგანიზაცია
700 _aკერესელიძე, დავითი
_eავტორი
_921312
942 _2udc
_cBK